1514 1048 1484 1885 1277 1252 1293 1984 1285 1221 1585 1189 1795 1099 1223 1307 1948 1084 1405 1903 1149 1111 1816 1563 1805 1431 1621 1447 1759 1854 1155 1720 1516 1534 1774 1604 1592 1365 1810 1508 1713 1003 1560 1750 1998 1300 1764 1254 1825 1201 1225 1521 1520 1224 1815 1944 1673 1861 1397 1552 1213 1547 1873 1256 1590 1295 1262 1633 1703 1111 1590 1044 1001 1496 1515 1794 1901 1705 1141 1471 1419 1547 1583 1464 1036 1804 1631 1891 1753 1031 1435 1996 1165 1109 1662 1039 1346 1764 1766 BCNSPRNW ULIB Ver.6.0+V

เปลี่ยนเป็นภาษาไทย

Change to English
 แสดงรายละเอียดบรรณานุกรม
  กลับหน้าหลัก

Brief Record : Get Marc (ISO 2709) : E-mail record : QR code < ปิดหน้าต่าง
LEADER : 00000nam 2200000uu 4500
001    13399110082
003     ULIB
008    110214s2548||||th 000 0 tha d
020    9741334532(ล.2)
041    tha
060 04 WI140^bร924 ล.2 2548
245 00 โรคทางเดินอาหารและการรักษา 2 :^bการดูแลผู้ป่วยหนักและผู้ป่วยฉุกเฉินที่ มีปัญหาเกี่ยวกับโรคทางเดินอาหาร /^cสุเทพ กลชาญวิทย์, ปิยะวัฒน์ โกมลมิศร์, รังสรรค์ฤกษ์นิมิตร, วโรชา มหาชัย, บรรณาธิการ
250    พิมพ์ครั้งที่ 1
260    กรุงเทพฯ :^bสาขาวิชาโรคทางเดินอาหาร ภาควิชาอายุรศาสตร์คณะแพทยศาสตร์ จุฬาลงกรณ์มหาวิทยาลัย,^c2548
300    (8) 247 หน้า :^bภาพประกอบ ;^c26 ซม.
504    บรรณานุกรม
650  2 Gastrointestinal Diseases^xtherapy
650  7 ระบบกระเพาะอาหารและลำไส้^xโรค
650  7 กระเพาะอาหารและลำไส้, โรค^xการรักษา
650  7 กระเพาะอาหารและลำไส้, โรค^xการวินิจฉัย
650  7 ระบบกระเพาะอาหารและลำไส้^xโรค^xการรักษา
700 0  สุเทพ กลชาญวิทย์,^eบรรณาธิการ
710  2 จุฬาลงกรณ์มหาวิทยาลัย.^bสาขาวิชาโรคทางเดินอาหาร
710  2 จุฬาลงกรณ์มหาวิทยาลัย.^bคณะแพทยศาสตร์.^bภาควิชาอายุรศาสตร์
945    ^p250^l0^i025180
995    ทศพร
999 ^a ใช้งานได้ทุกระบบ
รายการนี้ยังไม่มีแท็ก
คุณยังไม่ได้ล็อกอิน คุณสามารถมีกิจกรรมร่วมกับเว็บไซต์ได้ แต่ต้องล็อกอินก่อน ::
  ล็อกอิน

รายการสื่อสารสนเทศ

ลำดับที่ ประเภท เลขเรียก/บาร์โค้ด สถานที่ สถานะ
1. วิทยาศาสตร์การแพทย์ และสุขภาพ
วิทยาศาสตร์การแพทย์ และสุขภาพ
สถานะ=หนังสือเก่า
WI140 ร924 ล.2 2548 ฉ.1 
  Barcode: 025180
ห้องสมุดวิทยาเขตสวรรค์ประชารักษ์
►ส่วนจัดเก็บหนังสือเก่า สปร
บนชั้น
  ขอยืม

BibComment


ยังไม่เคยถูกคอมเมนท์

คอมเมนท์ทรัพยากรรายการนี้
  คอมเมนท์: โรคทางเดินอาหารแล..


 Copyright 2026. Bcnsprnw @Library